000 00808nam a2200265 i 4500
001 bg
100 1 _aKULESZA, Zbigniew Sławomir
245 1 0 _aĆwiczenia laboratoryjne z urządzeń automatyki :
_bregulatory konfigurowalne /
_cZbigniew Sławomir Kulesza ; Politechnika Białostocka.
260 _aBiałystok :
_bWydawnictwo Politechniki Białostockiej,
_c2006.
300 _a190 s. :
_bil. ;
_c23 cm.
504 _aBibliogr. s. 190.
650 9 _aAutomatyka
650 9 _aRegulatory
655 _aPodręczniki akademickie
015 _aPB 18740/2006
020 _a836020005X
020 _a9788360200056
040 _cBPK
041 0 _apol
080 _a681.515(075.8)
920 _a83-60200-05-X
920 _a978-83-60200-05-6
942 _cKS
008 s pl f |000 0 pol
999 _c53080
_d53080
856 _uhttp://koha.tu.koszalin.pl/cgi-bin/koha/opac-detail.pl?biblionumber=53080
_yKatalog online BPK